000 00924nam a2200289 i 4500
003 EG-GICUC
005 20260426145130.0
008 260426s1930 fr ||||fq|||| 000 0 Fre d
040 _a EG-GICUC
_bfre
_c EG-GICUC
_d EG-GICUC
_erda
041 0 _afre
082 0 4 _221
_a343.81
_bS I . O
092 0 4 _221
099 _aLaw1 10 343.81 S I . O 1930
100 0 _aSifneos, P. M.
_eAuteur
245 1 3 _aL'organisation de l'instruction et les garanties du preveu /
_cPar P. M. Sifneos.
264 1 _aParis :
_bLibraire De Jurisprudence Ancienne & Moderne Edouard Duchemin,
_c1930.
300 _a319 pages ;
_c24 سم
336 _2rda content
_atext
337 _2rda media
_aComputer
338 _2rda carrier
_aOnline Resource
546 _aTexte en français
650 1 _2Droit pénal
651 1 _2qrmak
856 4 0 _uhttps://fll.law.cu.edu.eg/fulltext/bks/B10-11578.pdf
905 _a62
942 _2ddc
_n0
_cBK
_e21
999 _c73490
_d73490